000 00790cam a2200241u 4500
001 3729
003 BD-RjUL
005 20211208233757.0
008 131219s1955 pk 100 0 eng
035 _a(BD-RjUL)3763
040 _aDLC
_cCarP
_dDLC
_beng
041 _aeng
082 _216
_a331.83
_bEMP 1955
111 2 _aSeminar on Employees' Welfare,
_cKarachi,
_d1955. [from old catalog]
_9133979
245 1 0 _aEmployees' welfare in Pakistan;
260 _aKarachi :
_bPakistan Institute of Personnel Administration,
_c1955
300 _aix, 236 p.
_c22 cm.
526 _bSociology
650 0 _aIndustrial welfare
_zPakistan
_vCongresses.
_911843
710 2 _aPakistan Institute of Personnel Administration. [from old catalog]
_911844
942 _2ddc
_cBK
999 _c3729
_d3729